| 000 | nam a22 7a 4500 | ||
|---|---|---|---|
| 999 |
_c28137 _d28137 |
||
| 008 | 170216b xxu||||| |||| 00| 0 eng d | ||
| 050 | _aGT 510 .P39 1965 | ||
| 100 | _aPayne, Blanche | ||
| 245 |
_aHistory of Constume : _bFrom the Ancient Egyptians to the Twentieth Century / _cBlanche Payne |
||
| 260 |
_aNew york : _bHapper and Row , _c1965. |
||
| 300 |
_axiii, 707p. : _bill. ; |
||
| 500 | _aincludes index | ||
| 650 |
_2clothing and dress _acostume |
||
| 942 |
_2lcc _cBOOKS _hGT 510 .P39 1965 |
||